[Event "SR 4. liga A21 2009/2010"]
[Site "?"]
[Date "2009.11.08"]
[Round "3.2"]
[White "Strapko, Tomas"]
[Black "Spacek, Marcel"]
[Result "1-0"]
[WhiteElo "1595"]
[BlackElo "1585"]
[PlyCount "73"]
[EventDate "2010.??.??"]

1. d4 Nf6 2. c4 e6 3. Nc3 Bb4 4. Nf3 O-O 5. Bg5 b6 6. a3 Be7 7. Bxf6 Bxf6 8. e4
Bb7 9. e5 Be7 10. Bd3 f5 11. O-O g5 12. d5 g4 13. Nd2 h5 14. f4 Bc5+ 15. Kh1 a5
16. Nb3 Be7 17. Be2 Qe8 18. Nb5 Na6 19. d6 cxd6 20. Nxd6 Bxd6 21. Qxd6 h4 22.
Kg1 Rb8 23. Rfd1 Qg6 24. Qxd7 Bf3 25. Qd3 Be4 26. Qc3 Rfc8 27. Rd6 Nc7 28. Nd4
Qh6 29. Qe3 Rb7 30. Bxg4 Qg7 31. Bf3 Qh7 32. Bxe4 fxe4 33. f5 Rf8 34. Qg5+ Kh8
35. Nxe6 Nxe6 36. Rxe6 Rxf5 37. Re8+ 1-0

[Event "SR 4. liga A21 2009/2010"]
[Site "?"]
[Date "2009.11.08"]
[Round "3.2"]
[White "Tomka, Pavol"]
[Black "Gono, Tomas"]
[Result "1-0"]
[WhiteElo "1000"]
[BlackElo "1000"]
[PlyCount "87"]
[EventDate "2010.??.??"]

1. e4 e5 2. Nf3 Nc6 3. d4 Bd6 4. d5 Nce7 5. Bd2 c6 6. Nc3 Nf6 7. dxc6 bxc6 8.
Bc4 O-O 9. O-O Bc5 10. Nxe5 d5 11. exd5 cxd5 12. Bd3 Bd4 13. Nf3 Bc5 14. h3 d4
15. Ne4 Nxe4 16. Bxe4 Rb8 17. b3 Ba6 18. Re1 Rb6 19. Bg5 Re8 20. Bd3 Bxd3 21.
Qxd3 Rd6 22. Re4 Qd7 23. Rae1 Rd5 24. Bxe7 Bxe7 25. Rxd4 Rxd4 26. Qxd4 Qxd4 27.
Nxd4 Kf8 28. Nf5 Bf6 29. Rxe8+ Kxe8 30. Kf1 Kd7 31. Ke2 Ke6 32. Ne3 Bc3 33. Kd3
Bb4 34. c4 Kd6 35. Nf5+ Ke5 36. Nxg7 Kf4 37. Ke2 f5 38. g3+ Kg5 39. Ne6+ Kg6
40. Nd4 h5 41. Nc6 Bc5 42. b4 Bxb4 43. Nxb4 a6 44. Nxa6 1-0

[Event "SR 4. liga A21 2009/2010"]
[Site "?"]
[Date "2009.11.08"]
[Round "3.3"]
[White "Blatnicky, Miroslav"]
[Black "Vogl, Zdenek"]
[Result "1-0"]
[WhiteElo "2109"]
[BlackElo "1887"]
[PlyCount "47"]
[EventDate "2010.??.??"]

1. e4 e5 2. Nc3 Nc6 3. f4 exf4 4. Nf3 d6 5. d4 Bg4 6. Bb5 a6 7. Bxc6+ bxc6 8.
O-O g5 9. Qd3 Bg7 10. Qc4 Bxf3 11. Rxf3 Ne7 12. g3 d5 13. exd5 cxd5 14. Qa4+
Qd7 15. Qxd7+ Kxd7 16. Ne2 Rhg8 17. gxf4 gxf4 18. Kf2 Ng6 19. Bxf4 Nxf4 20.
Rxf4 Raf8 21. c3 Bh6 22. Rh4 Rg6 23. Rg1 Rfg8 24. Rxh6 1-0

[Event "SR 4. liga A21 2009/2010"]
[Site "?"]
[Date "2009.11.08"]
[Round "3.3"]
[White "Kramarik, Peter"]
[Black "Bartos, Bohumil"]
[Result "1-0"]
[WhiteElo "2017"]
[BlackElo "1572"]
[PlyCount "63"]
[EventDate "2010.??.??"]

1. d4 d5 2. c4 e6 3. Nc3 Nf6 4. Bg5 Be7 5. e3 O-O 6. Nf3 Nbd7 7. Be2 dxc4 8.
Bxc4 c6 9. O-O Nb6 10. Be2 Nfd5 11. Bxe7 Qxe7 12. Qc2 Nxc3 13. Qxc3 Nd5 14. Qc2
Bd7 15. Rfc1 Rfd8 16. a3 a5 17. Qd2 Be8 18. Rc5 b6 19. Rc2 Nf6 20. Qe1 Qb7 21.
Ne5 Rdc8 22. Rac1 Nd5 23. e4 Ne7 24. Bf3 f6 25. Nc4 Qc7 26. d5 exd5 27. exd5
Qd8 28. dxc6 Bxc6 29. Qe6+ Kf8 30. Nd6 Bd5 31. Bxd5 Nxd5 32. Qf7# 1-0

[Event "SR 4. liga A21 2009/2010"]
[Site "?"]
[Date "2009.11.08"]
[Round "3.3"]
[White "Lanyi, Frantisek"]
[Black "Drabek, Martin"]
[Result "1-0"]
[WhiteElo "1714"]
[BlackElo "1449"]
[PlyCount "85"]
[EventDate "2010.??.??"]

1. e4 e5 2. Nf3 Nc6 3. Bb5 Bd6 4. O-O a6 5. Ba4 Nf6 6. Re1 b5 7. Bb3 Na5 8. d4
Qe7 9. Bg5 h6 10. Bh4 Nxb3 11. axb3 Bb7 12. d5 c6 13. c4 Bb4 14. Re2 Qd6 15.
Bg3 Qc5 16. Nxe5 Nh5 17. Nd3 Qe7 18. Be5 f6 19. Bc3 Bxc3 20. Nxc3 g6 21. e5 O-O
22. d6 Qf7 23. Nc5 Bc8 24. Qd4 fxe5 25. Qxe5 Nf4 26. Rd2 bxc4 27. bxc4 Qxc4 28.
Re1 Rf5 29. Qe8+ Kg7 30. Re7+ Rf7 31. Rxf7+ Qxf7 32. Qe5+ Qf6 33. Qe7+ Qf7 34.
g3 Nh5 35. Re2 Nf6 36. Qxf7+ Kxf7 37. Re7+ Kf8 38. N5e4 Nd5 39. Nxd5 cxd5 40.
Nf6 Rb8 41. Rxd7 Rxb2 42. Rd8+ Kf7 43. Rxc8 1-0

[Event "SR 4. liga A21 2009/2010"]
[Site "?"]
[Date "2009.11.08"]
[Round "3.3"]
[White "Leska, Marian"]
[Black "Jakubec, Milan"]
[Result "0-1"]
[WhiteElo "1668"]
[BlackElo "2039"]
[PlyCount "136"]
[EventDate "2010.??.??"]

1. d4 d5 2. c4 e6 3. e3 Nf6 4. Nc3 c6 5. Nf3 Bd6 6. Be2 Nbd7 7. Bd2 Qe7 8. c5
Bc7 9. b4 e5 10. dxe5 Nxe5 11. h3 O-O 12. Nd4 a5 13. a3 Ne4 14. Nxe4 dxe4 15.
Bc3 Qg5 16. g3 Qh6 17. h4 g5 18. Kd2 g4 19. Kc2 Rd8 20. Qb1 b6 21. cxb6 Bxb6
22. Qb2 c5 23. bxc5 Bxc5 24. Rad1 Bd7 25. Nf5 Bxf5 26. Rxd8+ Rxd8 27. Bxe5 Qc6
28. Kb1 Qa4 29. Bh8 Bf8 30. Bd4 Bxa3 31. Qb6 Qb4+ 32. Qxb4 Bxb4 33. Bc4 Be6 34.
Bxe6 fxe6 35. Rc1 Rf8 36. Rc2 Be1 37. Rc7 Rxf2 38. Rg7+ Kf8 39. Rxg4 Rf3 40.
Rxe4 Kf7 41. g4 Bxh4 42. Re5 Bf6 43. Rxa5 Bxd4 44. exd4 Rf4 45. Rh5 Kg6 46. Re5
Rxd4 47. Rxe6+ Kg5 48. Re7 h6 49. Rg7+ Kf6 50. Rg8 Kf7 51. Rh8 Kg7 52. Rc8 Rxg4
53. Kc2 Rd4 54. Kc3 Rd7 55. Rc6 h5 56. Kb2 Rd5 57. Kb3 h4 58. Rc4 Rh5 59. Rc1
h3 60. Rh1 Kf6 61. Kc3 Ke5 62. Kd3 Kf4 63. Ke2 Kg3 64. Rg1+ Kh4 65. Kf3 Rf5+
66. Ke4 Rf6 67. Ke3 h2 68. Rg8 Kh5 0-1

[Event "SR 4. liga A21 2009/2010"]
[Site "?"]
[Date "2009.11.08"]
[Round "3.3"]
[White "Zlamal, Marek"]
[Black "Bjel, Jan"]
[Result "1-0"]
[WhiteElo "1505"]
[BlackElo "1837"]
[PlyCount "69"]
[EventDate "2010.??.??"]

1. e4 c5 2. c4 Nc6 3. Nc3 g6 4. d3 Bg7 5. Nge2 Nf6 6. g3 d6 7. Bg2 Bg4 8. Be3
Ne5 9. f4 Nc6 10. O-O Qd7 11. Qd2 h5 12. h4 Bh3 13. Kh2 Ng4+ 14. Kh1 Nh6 15.
Kh2 Bxg2 16. Kxg2 f6 17. Rf3 Nf7 18. Raf1 O-O-O 19. d4 cxd4 20. Nxd4 e5 21.
Nxc6 Qxc6 22. Bxa7 Qxc4 23. Nd5 Qxe4 24. Qc3+ Kd7 25. Qc7+ Ke6 26. Qe7+ Kxd5
27. Qxb7+ Ke6 28. Qxe4 f5 29. Qb7 e4 30. Ra3 Rc8 31. Qb3+ Ke7 32. Be3 Rc7 33.
Rc1 Rd7 34. Ra7 Rhd8 35. Rcc7 1-0

[Event "SR 4. liga A21 2009/2010"]
[Site "?"]
[Date "2009.11.08"]
[Round "3.4"]
[White "Bjel, Lubos"]
[Black "Kubik, Peter"]
[Result "1/2-1/2"]
[WhiteElo "1621"]
[BlackElo "1583"]
[PlyCount "43"]
[EventDate "2010.??.??"]

1. e4 e5 2. Nf3 Nc6 3. Bc4 Bc5 4. c3 Nf6 5. d3 d6 6. Bg5 a6 7. Nbd2 O-O 8. O-O
h6 9. Bh4 g5 10. Bg3 Bg4 11. h3 Bh5 12. b4 Ba7 13. Qb3 Ne7 14. a4 Rb8 15. b5
Kg7 16. Kh1 Nd7 17. h4 g4 18. Nh2 f5 19. exf5 Nxf5 20. Be6 Nc5 21. Qc4 Nxe6 22.
Qxe6 1/2-1/2

[Event "SR 4. liga A21 2009/2010"]
[Site "?"]
[Date "2009.11.08"]
[Round "3.4"]
[White "Brisudova, Veronika"]
[Black "Lajda, Dusan"]
[Result "0-1"]
[WhiteElo "1737"]
[BlackElo "1872"]
[PlyCount "82"]
[EventDate "2010.??.??"]

1. e4 c5 2. f4 d6 3. Nf3 Nc6 4. Bc4 e6 5. O-O Nf6 6. Nc3 Be7 7. d3 O-O 8. a4 a6
9. Kh1 b6 10. Bd2 Bb7 11. Ba2 Qc7 12. Ne2 b5 13. a5 Rac8 14. Ng3 Rfd8 15. Ng5
d5 16. e5 Ne8 17. Qh5 Bxg5 18. Qxg5 Qe7 19. Qg4 Rc7 20. Rae1 Bc8 21. c3 b4 22.
Bb3 c4 23. Bc2 b3 24. Bb1 f6 25. exf6 Nxf6 26. Qf3 Qf7 27. d4 Nxa5 28. Re2 Nc6
29. Rfe1 Ne7 30. f5 exf5 31. Nxf5 Bxf5 32. Bxf5 Nxf5 33. Qxf5 Ne4 34. Rf1 Qxf5
35. Rxf5 Rf7 36. Rxf7 Kxf7 37. Kg1 a5 38. Bf4 a4 39. Re3 Rd7 40. Rf3 Kg6 41. g4
a3 0-1

[Event "SR 4. liga A21 2009/2010"]
[Site "?"]
[Date "2009.11.08"]
[Round "3.4"]
[White "Kubis, Ivan"]
[Black "Krchnak, Rudolf"]
[Result "0-1"]
[WhiteElo "2025"]
[BlackElo "1914"]
[PlyCount "62"]
[EventDate "2010.??.??"]

1. e4 c5 2. Nf3 d6 3. d4 cxd4 4. Nxd4 Nf6 5. Nc3 a6 6. Bg5 e6 7. f4 Be7 8. Qf3
Qc7 9. O-O-O Nbd7 10. g4 b5 11. Bxf6 Nxf6 12. g5 Nd7 13. f5 Bxg5+ 14. Kb1 Ne5
15. Qh5 Qd8 16. Rg1 h6 17. fxe6 g6 18. exf7+ Kf8 19. Qe2 Ra7 20. Nd5 Rxf7 21.
a4 bxa4 22. Nb4 a5 23. Nd3 Qb6 24. Nxe5 dxe5 25. Nf3 Rb7 26. c3 Bf4 27. Rd5 Kg7
28. Qg2 g5 29. Rb5 Qe3 30. Nxe5 Rxb5 31. Bxb5 Bxe5 0-1

[Event "SR 4. liga A21 2009/2010"]
[Site "?"]
[Date "2009.11.08"]
[Round "3.4"]
[White "Planka, Peter"]
[Black "Tomasovic, Martin"]
[Result "1-0"]
[WhiteElo "1776"]
[BlackElo "1534"]
[PlyCount "119"]
[EventDate "2010.??.??"]

1. e4 e5 2. Nf3 Nc6 3. Bb5 a6 4. Ba4 Nf6 5. O-O Bc5 6. c3 d6 7. d4 b5 8. dxc5
bxa4 9. Qxa4 Bd7 10. cxd6 cxd6 11. Qc2 h6 12. Be3 O-O 13. Nbd2 Nh5 14. Qd1 f5
15. Nxe5 Nxe5 16. Bxh6 Ng4 17. exf5 Bxf5 18. h3 Nxh6 19. Qxh5 Bd3 20. Qd5+ Kh8
21. Qxd3 Qb6 22. b3 Rae8 23. Nf3 Nf5 24. Rfe1 Rxe1+ 25. Rxe1 Nh4 26. Re4 g5 27.
Qd4+ Qxd4 28. Nxd4 Rc8 29. c4 d5 30. cxd5 Rc1+ 31. Kh2 Rf1 32. Rg4 Rxf2 33.
Rxg5 Rf4 34. Rg4 Rxg4 35. hxg4 Ng6 36. Kg3 Kg7 37. d6 Kf7 38. Nf5 Ke6 39. Kf3
Ne5+ 40. Kf4 Nf7 41. g5 Ne5 42. g4 Ng6+ 43. Ke4 Ne5 44. Ne3 Nf7 45. Nc4 Nxg5+
46. Kd4 Kd7 47. Kc5 Ne6+ 48. Kb6 Nd4 49. g5 Nf5 50. g6 Ng7 51. Kxa6 Ne6 52. b4
Ke8 53. b5 Kf8 54. b6 Kg7 55. b7 Nc5+ 56. Kb6 Nd7+ 57. Kc7 Nc5 58. b8=Q Na6+
59. Kc8 Nxb8 60. Kxb8 1-0

[Event "SR 4. liga A21 2009/2010"]
[Site "?"]
[Date "2009.11.08"]
[Round "3.4"]
[White "Smrek, Peter"]
[Black "Vach, Jozef"]
[Result "1/2-1/2"]
[WhiteElo "1919"]
[BlackElo "1907"]
[PlyCount "24"]
[EventDate "2010.??.??"]

1. c4 c5 2. Nc3 Nc6 3. e3 e6 4. d4 cxd4 5. exd4 d5 6. cxd5 exd5 7. Nf3 h6 8. h3
Nf6 9. Bd3 Bd6 10. O-O O-O 11. Be3 Be6 12. Qd2 Qd7 1/2-1/2

[Event "SR 4. liga A21 2009/2010"]
[Site "?"]
[Date "2009.11.08"]
[Round "3.5"]
[White "Dubecky, Ladislav"]
[Black "Danada, Tomas"]
[Result "0-1"]
[WhiteElo "1568"]
[BlackElo "1772"]
[PlyCount "108"]
[EventDate "2010.??.??"]

1. e4 e6 2. f4 d5 3. e5 c5 4. Bb5+ Bd7 5. a4 Nc6 6. Nf3 a6 7. Be2 Qa5 8. c3 b5
9. O-O Nge7 10. d4 c4 11. Nh4 Ng6 12. Nxg6 hxg6 13. Nd2 b4 14. Rf3 b3 15. Nxb3
cxb3 16. Qxb3 Rb8 17. Qc2 Be7 18. Bd3 Qb6 19. Rf1 a5 20. Bxg6 fxg6 21. Qxg6+
Kf8 22. f5 exf5 23. e6 Be8 24. Rxf5+ Kg8 25. Rf7 Bf8 26. Qf5 Be7 27. Qg6 Bf8
28. Qf5 Bd6 29. Bf4 Nxd4 30. cxd4 Qxd4+ 31. Kh1 Qxf4 32. Qxf4 Bxf4 33. Rxf4
Rxb2 34. Re1 Rh6 35. h3 Rb6 36. e7 Rhf6 37. Rd4 Rbd6 38. Re5 g6 39. Rexd5 Rxd5
40. Rxd5 Rf5 41. Rd4 Re5 42. Kh2 Kf7 43. h4 Kxe7 44. Kg3 Bc6 45. Kf4 Ke6 46. g3
Rf5+ 47. Kg4 Ke5 48. Rd8 Bxa4 49. Ra8 Bd1+ 50. Kh3 a4 51. Ra6 g5 52. hxg5 Rxg5
53. Ra8 Bf3 54. Kh2 Bxa8 0-1

[Event "SR 4. liga A21 2009/2010"]
[Site "?"]
[Date "2009.11.08"]
[Round "3.5"]
[White "Jozefek, Michal"]
[Black "Cerovsky, Marian"]
[Result "0-1"]
[WhiteElo "1902"]
[BlackElo "1732"]
[PlyCount "110"]
[EventDate "2010.??.??"]

1. d4 d5 2. c4 c6 3. Nf3 Nf6 4. Qc2 h6 5. Bf4 Bg4 6. e3 Nbd7 7. Nc3 e6 8. Bd3
Bxf3 9. gxf3 Nh5 10. Bg3 Qf6 11. f4 Bd6 12. O-O-O dxc4 13. Ne4 Qe7 14. Nxd6+
Qxd6 15. Bxc4 Nxg3 16. hxg3 Nb6 17. Bb3 O-O-O 18. Kb1 Kb8 19. Rh5 f5 20. Rh2
Rc8 21. f3 Nd5 22. Re2 Nb4 23. Qc5 Qxc5 24. dxc5 Rhe8 25. Bc4 Nd5 26. e4 Nc7
27. Rde1 b5 28. cxb6 axb6 29. exf5 exf5 30. Rxe8 Rxe8 31. Rxe8+ Nxe8 32. Kc2
Kc7 33. Kd3 Kd6 34. Bf7 Nf6 35. Bg6 Ke6 36. Kd4 Nd5 37. a3 Nc7 38. g4 fxg4 39.
fxg4 Kd6 40. Bc2 Ke6 41. Bd3 Kf6 42. Be4 Ne6+ 43. Ke3 Nd8 44. b4 Ke6 45. Kd4
Kd6 46. Bf5 Nf7 47. a4 g5 48. Bg6 Nd8 49. f5 Nb7 50. Be8 c5+ 51. Kc4 Ke5 52.
Kb5 Nd6+ 53. Kxb6 cxb4 54. Bg6 Kf6 55. a5 b3 0-1

[Event "SR 4. liga A21 2009/2010"]
[Site "?"]
[Date "2009.11.08"]
[Round "3.5"]
[White "Nemeckayova, Monika"]
[Black "Damborsky, Pavol"]
[Result "1-0"]
[WhiteElo "1751"]
[BlackElo "1667"]
[PlyCount "151"]
[EventDate "2010.??.??"]

1. d4 d5 2. c4 c6 3. Nf3 dxc4 4. Qc2 b5 5. g3 Nf6 6. Bg2 e6 7. Bg5 Be7 8. O-O
O-O 9. Rd1 h6 10. Bd2 Bb7 11. b3 cxb3 12. axb3 Nbd7 13. Ba5 Qc8 14. Nc3 Nd5 15.
Rdc1 a6 16. Qd3 Nxc3 17. Rxc3 Bd6 18. b4 Qe8 19. Nd2 Nf6 20. Ne4 Nxe4 21. Bxe4
f5 22. Bg2 e5 23. e3 e4 24. Qc2 Qe7 25. f3 Rae8 26. Rf1 Kh8 27. Qb1 Rf6 28.
Rfc1 Re6 29. fxe4 fxe4 30. Rb3 Qg5 31. Bb6 Qg6 32. Rf1 Rf6 33. Rxf6 gxf6 34.
Rc3 f5 35. Bc5 Re6 36. Bxd6 Rxd6 37. Qf1 Bc8 38. Rc2 Qg5 39. Qf2 Qe7 40. Bh3
Rf6 41. Rc5 Bd7 42. Qf4 Kg7 43. Qb8 Qf8 44. Qb7 Qc8 45. Qb6 Kg6 46. Rc1 Qa8 47.
Qc5 Qf8 48. Qa7 Qd6 49. Rc5 Bc8 50. Qb6 h5 51. Qa5 Qe7 52. Qa2 Kh6 53. Qe2 Bd7
54. Qf2 Qg7 55. Bxf5 Bxf5 56. Rxf5 Rxf5 57. Qxf5 Qg6 58. Qxg6+ Kxg6 59. Kg2 Kg5
60. Kh3 a5 61. bxa5 b4 62. a6 b3 63. a7 b2 64. a8=Q b1=Q 65. Qd8+ Kf5 66. Qd7+
Kg5 67. Qg7+ Kf5 68. Qe5+ Kg6 69. Kh4 Qc2 70. Qxh5+ Kf6 71. Qe5+ Kf7 72. h3 Kg6
73. Qe6+ Kg7 74. Kg5 Qa4 75. Qe7+ Kg8 76. Kg6 1-0

[Event "SR 4. liga A21 2009/2010"]
[Site "?"]
[Date "2009.11.08"]
[Round "3.5"]
[White "Ocko, Martin"]
[Black "Hanzalik, Alojz"]
[Result "1-0"]
[WhiteElo "1485"]
[BlackElo "1408"]
[PlyCount "97"]
[EventDate "2010.??.??"]

1. e4 c5 2. Nf3 d6 3. d4 cxd4 4. Nxd4 Bd7 5. Nc3 e6 6. Bc4 Nf6 7. O-O Be7 8.
Ndb5 Bc6 9. e5 dxe5 10. Qxd8+ Bxd8 11. Bg5 O-O 12. Be3 a6 13. Bc5 axb5 14. Nxb5
Bxb5 15. Bxb5 Bc7 16. Bxf8 Kxf8 17. Rfe1 Nbd7 18. Bxd7 Nxd7 19. Rad1 Nb6 20. a3
Nc4 21. Rd7 Rc8 22. g3 Nb6 23. Rd3 Bb8 24. Red1 Ke7 25. c3 Nd5 26. a4 b6 27.
Kf1 Rc4 28. h4 Rxa4 29. b3 Ra3 30. c4 Nf6 31. g4 Nxg4 32. Rd7+ Kf6 33. Rb7 Ra2
34. Rxb8 Rxf2+ 35. Ke1 Rh2 36. Rxb6 Rxh4 37. c5 Ne3 38. Rd3 Nd5 39. Rxd5 Rh1+
40. Kd2 Rh2+ 41. Kc3 Rh3+ 42. Rd3 Rh4 43. c6 e4 44. Re3 Rh5 45. Rxe4 Rc5+ 46.
Rc4 Rxc4+ 47. Kxc4 Ke7 48. Rb7+ Kd8 49. Rxf7 1-0

[Event "SR 4. liga A21 2009/2010"]
[Site "?"]
[Date "2009.11.08"]
[Round "3.5"]
[White "Sprusansky, Ferdinand"]
[Black "Nemeckay, Rastislav"]
[Result "1/2-1/2"]
[WhiteElo "1449"]
[BlackElo "1780"]
[PlyCount "53"]
[EventDate "2010.??.??"]

1. e4 e5 2. Nf3 Nf6 3. Nc3 Nc6 4. Bb5 d6 5. d4 exd4 6. Nxd4 Bd7 7. O-O Nxd4 8.
Qxd4 Be7 9. e5 dxe5 10. Qxe5 O-O 11. Re1 Bd6 12. Qg5 Re8 13. Bf4 Bxf4 14. Qxf4
Rxe1+ 15. Rxe1 Be6 16. a3 c6 17. Bd3 Nd5 18. Qe5 Nxc3 19. Qxc3 Qd7 20. Qc5 Bd5
21. Qb4 Be6 22. Qh4 h6 23. Qe4 g6 24. b4 Rd8 25. Qe3 Bf5 26. Bxf5 Qxf5 27. Qxa7
1/2-1/2

[Event "SR 4. liga A21 2009/2010"]
[Site "?"]
[Date "2009.11.08"]
[Round "3.6"]
[White "Bajanik, Samuel"]
[Black "Tomasovic, Pavol"]
[Result "1-0"]
[WhiteElo "1000"]
[BlackElo "1401"]
[Annotator ",uzivatel"]
[PlyCount "56"]
[EventDate "2010.??.??"]

1. e4 e6 2. d4 d5 3. exd5 exd5 4. Nc3 Nf6 5. Nf3 Be6 6. Bd3 Bd6 7. O-O O-O 8.
h3 h6 9. Be3 Nbd7 10. Na4 b6 11. Rc1 c5 12. c4 Rc8 13. b3 dxc4 14. bxc4 cxd4
15. Nxd4 Nc5 16. f4 Nxd3 17. Qxd3 Qe7 18. f5 Bd7 19. Nc3 Bc5 20. Rfe1 Qd6 21.
Re2 Rfe8 22. Rce1 Re7 23. Bf2 Rxe2 24. Rxe2 Re8 25. Rxe8+ Bxe8 26. Nce2 Bc6 27.
Bg3 Qd7 28. Kh1 Be4 {cierny prekrocil cas} 1-0

[Event "SR 4. liga A21 2009/2010"]
[Site "?"]
[Date "2009.11.08"]
[Round "3.6"]
[White "Klimesova, Lucia"]
[Black "Gubis, Vladimir"]
[Result "0-1"]
[WhiteElo "1522"]
[BlackElo "1786"]
[PlyCount "102"]
[EventDate "2010.??.??"]

1. e4 c5 2. Nf3 d6 3. Bb5+ Nc6 4. d3 Bd7 5. Be3 e6 6. O-O Qc7 7. Nbd2 Qb6 8.
Bxc6 Bxc6 9. b3 Qc7 10. a4 Be7 11. Qe2 Nf6 12. Bf4 e5 13. Bg3 Bd7 14. h3 b6 15.
Ne1 g6 16. Bh2 Nh5 17. g4 Nf4 18. Qf3 g5 19. Ng2 O-O-O 20. Bxf4 gxf4 21. Qe2 h5
22. f3 hxg4 23. hxg4 Rh3 24. Kf2 Rdh8 25. Ke1 Rh2 26. Kd1 R8h3 27. Kc1 Rg3 28.
Rg1 Rgh3 29. Kb2 Rh7 30. Nf1 R2h3 31. Nd2 Bg5 32. Nf1 Be6 33. Ne1 d5 34. Rg2 c4
35. exd5 c3+ 36. Ka2 Bxd5 37. Rh2 Qd6 38. Rxh3 Rxh3 39. Qg2 Rh8 40. Kb1 Qb4 41.
Kc1 Qd4 42. Kd1 a5 43. Ke2 Kc7 44. Kd1 Be7 45. Qe2 f6 46. Rb1 Bb4 47. Kc1 Rh1
48. g5 fxg5 49. Nh2 Qe3+ 50. Kd1 Qd2+ 51. Qxd2 cxd2 0-1

[Event "SR 4. liga A21 2009/2010"]
[Site "?"]
[Date "2009.11.08"]
[Round "3.6"]
[White "Sedlak, Rastislav"]
[Black "Klimes, Karel"]
[Result "1-0"]
[WhiteElo "1562"]
[BlackElo "1531"]
[PlyCount "83"]
[EventDate "2010.??.??"]

1. e4 e5 2. Nf3 Nf6 3. Nc3 d6 4. d4 exd4 5. Nxd4 Be7 6. Bg5 Bd7 7. Bc4 Nc6 8.
O-O O-O 9. Re1 Nxd4 10. Qxd4 Be6 11. h3 Nd7 12. Bxe7 Qxe7 13. Rad1 Ne5 14. Nd5
Qd7 15. Bb3 Bxh3 16. Qe3 Be6 17. Qg3 Ng6 18. f4 f5 19. Nxc7 Bxb3 20. Qxb3+ Kh8
21. Nxa8 Nxf4 22. e5 Qc6 23. Qg3 Qc5+ 24. Qe3 Qxe5 25. Nc7 Qxb2 26. Qxf4 Qb6+
27. Kh1 Qxc7 28. Qxd6 Qf7 29. Kg1 h6 30. Re7 Qh5 31. Rxb7 Rf6 32. Rb8+ Kh7 33.
Qd8 Rf8 34. Qxf8 Qxd1+ 35. Kf2 Qxc2+ 36. Ke3 Qe4+ 37. Kf2 Qc2+ 38. Kg3 Qc7+ 39.
Kh3 f4 40. Qh8+ Kg6 41. Qe8+ Kh7 42. Qe4+ 1-0

[Event "SR 4. liga A21 2009/2010"]
[Site "?"]
[Date "2009.11.08"]
[Round "3.6"]
[White "Siska, Michal"]
[Black "Jozefovic, Milan"]
[Result "1/2-1/2"]
[WhiteElo "1607"]
[BlackElo "1904"]
[PlyCount "117"]
[EventDate "2010.??.??"]

1. c4 e5 2. Nc3 Nf6 3. d3 Nc6 4. a3 Be7 5. Nf3 O-O 6. g3 d5 7. cxd5 Nxd5 8. Bg2
Be6 9. O-O a6 10. Qd2 f6 11. b4 b5 12. Bb2 Rc8 13. Rfc1 Nd4 14. Nxd4 exd4 15.
Ne4 Nb6 16. Nc5 Bxc5 17. Rxc5 Na4 18. Rc6 Bd5 19. Bxd5+ Qxd5 20. Rxa6 c5 21.
Ra5 Qb3 22. Rxb5 Qxb2 23. Qxb2 Nxb2 24. bxc5 Na4 25. Kf1 Rxc5 26. Rb4 Ra8 27.
Rxd4 Rca5 28. Rc1 R8a7 29. Rc6 R5a6 30. Rc8+ Kf7 31. Rh8 h6 32. Rg4 Nc5 33. Rh7
Ne6 34. Rh8 Rxa3 35. h4 Nf8 36. Rc4 Ra8 37. Rc7+ Kg6 38. h5+ Kf5 39. Rxg7 Ne6
40. Rxa8 Rxa8 41. Rh7 Kg5 42. g4 Kxg4 43. Rxh6 Ra1+ 44. Kg2 Nf4+ 45. Kh2 Nxh5
46. e3 Rd1 47. d4 Rd2 48. Kg2 Kg5 49. Rh8 f5 50. Rg8+ Kf6 51. Rf8+ Kg6 52. Kf1
Nf6 53. Ke1 Ra2 54. Rd8 Ne4 55. f3 Nc3 56. e4 fxe4 57. fxe4 Nxe4 58. d5 Rd2 59.
d6 1/2-1/2

[Event "SR 4. liga A21 2009/2010"]
[Site "?"]
[Date "2009.11.08"]
[Round "3.6"]
[White "Wallner, Juraj"]
[Black "Oravec, Pavol"]
[Result "1-0"]
[WhiteElo "1415"]
[BlackElo "1000"]
[PlyCount "163"]
[EventDate "2010.??.??"]

1. c4 e6 2. e3 d5 3. d4 Nf6 4. Nc3 Nbd7 5. Nf3 Bb4 6. Bd2 O-O 7. a3 Bxc3 8.
Bxc3 Ne4 9. Bb4 Re8 10. c5 Ndf6 11. Rc1 c6 12. Be2 Bd7 13. Ne5 a5 14. Bc3 Qc7
15. O-O h6 16. Be1 Nh7 17. Bh5 Rf8 18. Be2 Rfe8 19. f3 Nef6 20. Bg3 Qd8 21. Bd3
Nh5 22. Qc2 Nf8 23. Nxf7 Qf6 24. Ne5 Nxg3 25. hxg3 Qg5 26. Nxd7 Qxe3+ 27. Rf2
Nxd7 28. Qc3 Qg5 29. f4 Qe7 30. Re1 Qd8 31. Bg6 Re7 32. Rfe2 Nf8 33. Bf5 Qe8
34. Bh3 Qf7 35. f5 Kh8 36. fxe6 Qg6 37. Qf3 Rae8 38. Bg4 Qg5 39. Re5 Qd2 40.
Qc3 Qxc3 41. bxc3 Nh7 42. Bh5 Rf8 43. Rf1 Rxf1+ 44. Kxf1 Ng5 45. Bg4 Ne4 46.
Rxe4 dxe4 47. Ke2 g6 48. Ke3 Kg7 49. Kxe4 Kf6 50. c4 Rxe6+ 51. Bxe6 Kxe6 52.
d5+ cxd5+ 53. cxd5+ Kf6 54. c6 bxc6 55. dxc6 Ke6 56. c7 Kd7 57. Ke5 Kxc7 58.
Kf6 Kd6 59. Kxg6 Ke5 60. Kxh6 Kf5 61. Kh5 Ke4 62. g4 Kd4 63. g5 Kc3 64. g6 Kb3
65. g7 Kxa3 66. g8=Q a4 67. Qg7 Ka2 68. Qc3 a3 69. Kg4 Kb1 70. Qxa3 Kc2 71. Kf3
Kd2 72. Ke4 Kc2 73. Qb4 Kd1 74. Qc3 Ke2 75. Qd3+ Kf2 76. Qf3+ Ke1 77. Qd3 Kf2
78. Kf4 Ke1 79. g4 Kf2 80. Qd2+ Kg1 81. Kf3 Kh1 82. Qg2# 1-0

[Event "SR 4. liga A21 2009/2010"]
[Site "?"]
[Date "2009.11.22"]
[Round "4.1"]
[White "Klimesova, Lucia"]
[Black "Kupkovic, Miroslav"]
[Result "1-0"]
[WhiteElo "1522"]
[BlackElo "1690"]
[PlyCount "106"]
[EventDate "2010.??.??"]

1. e4 c6 2. Nf3 d5 3. exd5 cxd5 4. d4 Bf5 5. Bb5+ Bd7 6. Bxd7+ Qxd7 7. c3 Nc6
8. O-O e6 9. Bf4 Bd6 10. Bxd6 Qxd6 11. Nbd2 Nf6 12. Qe2 Nd7 13. a3 O-O 14. Qd3
f6 15. Rfe1 Rae8 16. Rab1 a6 17. h3 e5 18. dxe5 Ndxe5 19. Nxe5 fxe5 20. Rbd1 e4
21. Rxe4 Qf6 22. Qxd5+ Kh8 23. f3 Rd8 24. Qb3 Qg5 25. Nc4 Rxd1+ 26. Qxd1 Rd8
27. Qe2 h6 28. Re8+ Rxe8 29. Qxe8+ Kh7 30. Qe4+ Kh8 31. Kh2 Qf6 32. Qg4 Ne5 33.
Nxe5 Qxe5+ 34. Qg3 Qb5 35. Qf2 Qe5+ 36. Kg1 Qb5 37. Qd2 Qc5+ 38. Qd4 Qb5 39. c4
Qg5 40. f4 Qf5 41. Kh2 Qf7 42. c5 Qf5 43. Qd8+ Kh7 44. Qc7 Qe4 45. Qe5 Qc2 46.
f5 Qf2 47. b4 Qf1 48. Qe4 Qf2 49. f6+ Kh8 50. fxg7+ Kxg7 51. Qxb7+ Kg8 52. Qd5+
Kg7 53. Qe5+ Kg6 1-0

[Event "SR 4. liga A21 2009/2010"]
[Site "?"]
[Date "2009.11.22"]
[Round "4.1"]
[White "Piestansky, Jan"]
[Black "Tomasovic, Roman"]
[Result "1-0"]
[WhiteElo "1586"]
[BlackElo "1000"]
[PlyCount "49"]
[EventDate "2010.??.??"]

1. e4 e5 2. Nf3 Nc6 3. Bc4 h6 4. c3 Bc5 5. h3 Nf6 6. d3 O-O 7. Bb3 d6 8. O-O
Na5 9. Bc2 Nc6 10. Be3 Bxe3 11. fxe3 d5 12. exd5 Nxd5 13. Qe2 Nde7 14. Nbd2 Bf5
15. e4 Be6 16. Nb3 f5 17. exf5 Bxf5 18. Nxe5 Nxe5 19. Qxe5 Ng6 20. Qg3 Qh4 21.
Rf3 Qxg3 22. Rxg3 Nf4 23. Re1 Bh7 24. Re7 Rae8 25. Rgxg7+ 1-0

[Event "SR 4. liga A21 2009/2010"]
[Site "?"]
[Date "2009.11.22"]
[Round "4.1"]
[White "Slaby, Jozef"]
[Black "Husek, Lubomir"]
[Result "0-1"]
[WhiteElo "1963"]
[BlackElo "1749"]
[PlyCount "52"]
[EventDate "2010.??.??"]

1. d4 d5 2. c4 Bf5 3. Nc3 e6 4. Nf3 h6 5. Bf4 Nf6 6. Qb3 b6 7. e3 Bd6 8. Ne5
dxc4 9. Bxc4 O-O 10. Rd1 Ne4 11. d5 Nc5 12. dxe6 Nxb3 13. exf7+ Kh7 14. Bxb3
Nd7 15. Nc6 Qf6 16. Nd5 Qxb2 17. Bxd6 cxd6 18. O-O Nc5 19. Nde7 Bd3 20. Rxd3
Nxd3 21. Bd5 Nc5 22. h4 Qf6 23. Rd1 Rxf7 24. Bxf7 Qxf7 25. Rd5 Re8 26. Rf5 Qe6
0-1

[Event "SR 4. liga A21 2009/2010"]
[Site "?"]
[Date "2009.11.22"]
[Round "4.1"]
[White "Vagovic, Milan"]
[Black "Klimes, Karel"]
[Result "1-0"]
[WhiteElo "1654"]
[BlackElo "1531"]
[PlyCount "71"]
[EventDate "2010.??.??"]

1. d4 d5 2. c4 Nf6 3. Nc3 e6 4. Nf3 Be7 5. Qc2 b6 6. e3 Bb7 7. Bd3 dxc4 8. Bxc4
Bxf3 9. gxf3 Nbd7 10. e4 c5 11. d5 Ne5 12. Bb5+ Nfd7 13. Qe2 O-O 14. f4 Ng6 15.
Bc6 Rb8 16. Rg1 Qc7 17. Qf3 a6 18. e5 Ndxe5 19. fxe5 Qxe5+ 20. Be3 b5 21. O-O-O
b4 22. Na4 c4 23. Bd4 Qc7 24. Nc5 Bxc5 25. Bxc5 Rfd8 26. dxe6 fxe6 27. Rxd8+
Rxd8 28. Bxb4 Ne5 29. Qe4 Nd3+ 30. Kb1 Nxb4 31. Qxe6+ Kh8 32. Be4 Nd3 33. Qf5
g6 34. Qf6+ Kg8 35. Bxg6 Rd7 36. Bf7+ 1-0